000 00865nam a2200277 a 4500
008
020 _a0132136384 (hbk.)
049 _aMAIN
090 0 0 _aHF5635
100 1 _aHorngren, Charles T.
245 1 0 _aIntroduction to management accounting /
_cCharles T. Horngren, Gary L. Sundem, William O. Stratton.
250 _a10th ed.
260 _aNew Delhi :
_bPrentice Hall,
_cc1996.
300 _axxii, 837, p. :
_bill. ;
_c28 cm.
440 0 _aCharles T. Horngren series in accounting.
504 _aIncludes bibliographical references.
500 _aIncludes index.
650 0 _aManagerial accounting.
700 1 _aSundem, Gary L.
700 1 _aStratton, William O.
907 _a.b10190053
_b16-04-07
_c03-02-06
003
005 20230123134149.0
040 _cNUST
942 _cBOOKS
_kHF5635
999 _c161150
_d161150